[Event "Titled Tuesday intern op 02nd Apr Early"]
[Site "Chess.com INT"]
[Date "2024.04.02"]
[Round "8"]
[White "Smieszek, Wojciech"]
[Black "Novik, Maxim"]
[Result "1-0"]
[WhiteElo "2127"]
[BlackElo "2415"]
[PlyCount "47"]
[EventDate "2024.04.02"]
[EventType "swiss (blitz)"]
[EventRounds "11"]
[EventCountry "USA"]
[SourceTitle "CB15_2024"]
[SourceDate "2024.04.10"]
[SourceVersion "1"]
[SourceVersionDate "2024.04.10"]
[SourceQuality "1"]

1. e4 c6 2. d4 d5 3. f3 e6 4. e5 c5 5. c3 Nc6 6. f4 Qb6 7. Nf3 Nh6 8. Bd3 Bd7 9. Bc2 Rc8 10. 0-0 cxd4 11. Kh1 dxc3 12. Nxc3 Be7 13. f5 Nxf5 14. Bxf5 exf5 15. Nxd5 Qd8 16. Nxe7 Nxe7 17. Bg5 Be6 18. Qa4+ Qd7 19. Qa3 h6 20. Rfd1 Nd5 21. Rxd5 Bxd5 22. e6 fxe6 23. Ne5 Qb5 24. Qe7# 1-0

[Event "New York 1000 GM Spring GM-A"]
[Site "New York"]
[Date "2024.03.30"]
[Round "7"]
[White "Novik, Maxim"]
[Black "Ostrovskiy, Aleksandr A"]
[Result "1/2-1/2"]
[WhiteElo "2415"]
[BlackElo "2411"]
[PlyCount "35"]
[EventDate "2024.03.27"]
[EventType "tourn"]
[EventRounds "9"]
[EventCountry "USA"]
[EventCategory "8"]
[SourceTitle "CB14_2024"]
[SourceDate "2024.04.01"]
[SourceVersion "1"]
[SourceVersionDate "2024.04.01"]
[SourceQuality "1"]

1. e4 c6 2. d4 d5 3. exd5 cxd5 4. c4 Nf6 5. Nc3 Nc6 6. Bg5 dxc4 7. Bxc4 h6 8. Be3 e6 9. Nf3 Bd6 10. 0-0 0-0 11. Qd2 Ne7 12. Rad1 Nf5 13. Rfe1 a6 14. Bf4 b5 15. Bb3 b4 16. Na4 Bb7 17. Ne5 Bc8 18. Nf3 1/2-1/2

[Event "New York 1000 GM Spring GM-A"]
[Site "New York"]
[Date "2024.03.28"]
[Round "2"]
[White "Novik, Maxim"]
[Black "Huston, Gus"]
[Result "1-0"]
[WhiteElo "2415"]
[BlackElo "2401"]
[PlyCount "105"]
[EventDate "2024.03.27"]
[EventType "tourn"]
[EventRounds "9"]
[EventCountry "USA"]
[EventCategory "8"]
[SourceTitle "CB14_2024"]
[SourceDate "2024.04.01"]
[SourceVersion "1"]
[SourceVersionDate "2024.04.01"]
[SourceQuality "1"]

1. Nf3 c5 2. g3 g6 3. Bg2 Bg7 4. d4 cxd4 5. Nxd4 Nc6 6. Nxc6 dxc6 7. Qxd8+ Kxd8 8. 0-0 Nf6 9. Rd1+ Nd7 10. Na3 Kc7 11. Nc4 b6 12. e4 Rd8 13. Bf4+ e5 14. Be3 Ba6 15. Bf1 f6 16. a4 Bxc4 17. Bxc4 a5 18. Be6 Nc5 19. Bxc5 bxc5 20. Kf1 Rd4 21. c3 Rd6 22. Rxd6 Kxd6 23. Bg4 Ke7 24. Rd1 Rd8 25. Rxd8 Kxd8 26. Be6 Bf8 27. Bg8 Ke8 28. h4 h5 29. Ke2 Bd6 30. Kd3 Ke7 31. Kc4 f5 32. Kd3 f4 33. Bc4 Ke8 34. Be6 Be7 35. Ke2 g5 36. g4 gxh4 37. gxh5 Kf8 38. Kf3 Kg7 39. Kg4 Kh6 40. Bf7 c4 41. Bxc4 h3 42. Be2 h2 43. Bf3 Bc5 44. Kf5 Bxf2 45. Kxe5 Kg5 46. Kd6 Ba7 47. e5 Bb8+ 48. Ke6 c5 49. Kd5 Bc7 50. e6 Bd8 51. Kxc5 Kh4 52. Kd5 Kg3 53. Ke4 1-0

[Event "Titled Tuesday intern op 12th Mar Late"]
[Site "Chess.com INT"]
[Date "2024.03.12"]
[Round "9"]
[White "Novik, Maxim"]
[Black "Bordi, Kevin Claude"]
[Result "0-1"]
[WhiteElo "2415"]
[BlackElo "2288"]
[PlyCount "68"]
[EventDate "2024.03.12"]
[EventType "swiss (blitz)"]
[EventRounds "11"]
[EventCountry "USA"]
[SourceTitle "CB12_2024"]
[SourceDate "2023.10.01"]
[SourceVersion "1"]
[SourceVersionDate "2023.10.01"]
[SourceQuality "1"]

1. e4 d5 2. exd5 Qxd5 3. Nc3 Qa5 4. d4 Nf6 5. Nf3 c6 6. Bc4 Bf5 7. Ne5 e6 8. g4 Bg6 9. h4 Nbd7 10. Nxd7 Nxd7 11. h5 Be4 12. 0-0 Bd5 13. Nxd5 cxd5 14. Bd3 Bd6 15. c3 Qd8 16. Qf3 Qh4 17. Qg2 g6 18. h6 0-0-0 19. Be3 e5 20. g5 e4 21. Be2 Kb8 22. b3 Nf8 23. Bg4 Ne6 24. Bxe6 fxe6 25. c4 Rhf8 26. c5 Bc7 27. b4 Rf3 28. b5 Rdf8 29. b6 axb6 30. cxb6 Bf4 31. Rae1 Rh3 32. Rc1 Bh2+ 33. Kh1 Bd6+ 34. Kg1 Rh2 0-1

[Event "Titled Tuesday intern op 12th Mar Late"]
[Site "Chess.com INT"]
[Date "2024.03.12"]
[Round "6"]
[White "Novik, Maxim"]
[Black "Khader, Aram"]
[Result "1-0"]
[WhiteElo "2415"]
[BlackElo "2108"]
[PlyCount "49"]
[EventDate "2024.03.12"]
[EventType "swiss (blitz)"]
[EventRounds "11"]
[EventCountry "USA"]
[SourceTitle "CB12_2024"]
[SourceDate "2023.10.01"]
[SourceVersion "1"]
[SourceVersionDate "2023.10.01"]
[SourceQuality "1"]

1. e4 c5 2. Nf3 Nc6 3. Bb5 e6 4. 0-0 Nge7 5. c3 a6 6. Ba4 d5 7. e5 b5 8. Bc2 Ng6 9. Re1 Qc7 10. d4 Bd7 11. a3 Rc8 12. Bd3 Be7 13. Be3 0-0 14. Nbd2 cxd4 15. cxd4 f5 16. exf6 Bxf6 17. Nb3 Rce8 18. Rc1 Qd6 19. Qc2 Bd8 20. Bxg6 hxg6 21. Qxg6 Bc7 22. Nc5 Bc8 23. Nd3 e5 24. Qxd6 Bxd6 25. Rxc6 1-0

[Event "Titled Tuesday intern op 27th Feb Late"]
[Site "Chess.com INT"]
[Date "2024.02.27"]
[Round "9"]
[White "Novik, Maxim"]
[Black "Przybylski, Wojciech"]
[Result "1-0"]
[WhiteElo "2408"]
[BlackElo "2308"]
[PlyCount "95"]
[EventDate "2024.02.27"]
[EventType "swiss (blitz)"]
[EventRounds "11"]
[EventCountry "USA"]
[SourceTitle "CB10_2024"]
[SourceDate "2024.03.06"]
[SourceVersion "1"]
[SourceVersionDate "2024.03.06"]
[SourceQuality "1"]

1. c4 e5 2. b3 Nf6 3. Bb2 Nc6 4. e3 Be7 5. Nf3 d6 6. Be2 0-0 7. 0-0 Bf5 8. d4 e4 9. Nfd2 Re8 10. Nc3 h6 11. a3 Bf8 12. b4 a6 13. Qc2 Bg6 14. Rfc1 Qd7 15. b5 Nb8 16. a4 Qf5 17. h3 Qg5 18. Nd5 Nxd5 19. cxd5 Re7 20. Qb3 a5 21. b6 c6 22. Bc4 Bf5 23. Kf1 Qh4 24. Ba3 Rd7 25. dxc6 Nxc6 26. Bb5 d5 27. Rxc6 bxc6 28. Bxc6 Rb8 29. Bxd7 Bxd7 30. Bxf8 Kxf8 31. Rc1 Qe7 32. Rc5 Qd6 33. b7 Ke7 34. Rxd5 Qa6+ 35. Kg1 Rxb7 36. Qa3+ Kd8 37. Qf8+ Kc7 38. Rc5+ Bc6 39. Qe7+ Kb8 40. Qd8+ Ka7 41. Nc4 Qxc4 42. Rxc4 Rb1+ 43. Kh2 Bb7 44. Rc5 Rb6 45. Rxa5+ Ba6 46. Rc5 Bb7 47. Rc7 Rb4 48. a5 1-0

[Event "Titled Tuesday intern op 06th Feb Early"]
[Site "Chess.com INT"]
[Date "2024.02.06"]
[Round "7"]
[White "Balla, Tamas Kristof"]
[Black "Novik, Maxim"]
[Result "0-1"]
[WhiteElo "2283"]
[BlackElo "2408"]
[PlyCount "54"]
[EventDate "2024.02.06"]
[EventType "swiss (blitz)"]
[EventRounds "11"]
[EventCountry "USA"]
[SourceTitle "CB07_2024"]
[SourceDate "2024.02.14"]
[SourceVersion "1"]
[SourceVersionDate "2024.02.14"]
[SourceQuality "1"]

1. e4 c6 2. d4 d5 3. e5 Bf5 4. h4 Qb6 5. Bd3 Qxd4 6. Nf3 Qg4 7. Be3 Bxd3 8. Qxd3 Qb4+ 9. Nc3 e6 10. a3 Qa5 11. 0-0 Ne7 12. b4 Qc7 13. Bc5 Nc8 14. Bxf8 Kxf8 15. Ne2 Nb6 16. Nf4 N8d7 17. Rfe1 Nc4 18. Ng5 Re8 19. Qf3 Ke7 20. Nxf7 Rhf8 21. Nd6 Ndxe5 22. Qg4 Qxd6 23. Qg5+ Kd7 24. Qxg7+ Rf7 25. Qg5 Rf5 26. Qh6 Qf8 27. Qxh7+ Re7 0-1

[Event "Tashkent Schev 01"]
[Site "Tashkent"]
[Date "2024.01.28"]
[Round "8.2"]
[White "Novik, Maxim"]
[Black "Begmuratov, Khumoyun"]
[Result "1-0"]
[WhiteElo "2399"]
[BlackElo "2393"]
[PlyCount "113"]
[EventDate "2024.01.23"]
[EventType "schev"]
[EventRounds "10"]
[EventCountry "UZB"]
[SourceTitle "CB05_2024"]
[SourceDate "2024.01.31"]
[SourceVersion "1"]
[SourceVersionDate "2024.01.31"]
[SourceQuality "1"]
[WhiteTeam "World"]
[BlackTeam "Uzbekistan"]
[BlackTeamCountry "UZB"]

1. e4 c5 2. Nc3 Nc6 3. Nf3 e6 4. d4 cxd4 5. Nxd4 Nf6 6. Ndb5 Bc5 7. Nd6+ Ke7 8. Bf4 e5 9. Nf5+ Kf8 10. Be3 Bb4 11. Qf3 d5 12. 0-0-0 Bxf5 13. Qxf5 Bxc3 14. bxc3 Nxe4 15. Bc4 Nd6 16. Bc5 Ne7 17. Bxd6 Qxd6 18. Qd3 h5 19. Bb3 Qa3+ 20. Kb1 Rh6 21. Qe3 a5 22. Bxd5 a4 23. c4 Qxe3 24. fxe3 Rc8 25. Rd3 Rb6+ 26. Kc1 Nf5 27. Rf1 Nd6 28. e4 Rc7 29. Rc3 f6 30. Rh3 Rc5 31. a3 Ke7 32. Rff3 Ra6 33. Rxh5 b5 34. Rh7 Kf8 35. Rh8+ Ke7 36. Rg8 Ne8 37. cxb5 Rxb5 38. Bc4 Rba5 39. Bxa6 Rxa6 40. Rh3 Kf7 41. Rhh8 Nc7 42. Rb8 Kg6 43. Rhc8 Ne6 44. Ra8 Rd6 45. Rxa4 f5 46. Rac4 Nd4 47. c3 Ne2+ 48. Kc2 Kg5 49. R4c6 Rd7 50. R8c7 Rd8 51. Rxg7+ Kf4 52. exf5 Kxf5 53. Rf7+ Ke4 54. Rc4+ Kd5 55. Rcc7 Ke4 56. Rf2 Ng1 57. Rf1 1-0

[Event "Tashkent Schev 01"]
[Site "Tashkent"]
[Date "2024.01.24"]
[Round "3.2"]
[White "Begmuratov, Khumoyun"]
[Black "Novik, Maxim"]
[Result "1/2-1/2"]
[WhiteElo "2393"]
[BlackElo "2399"]
[PlyCount "62"]
[EventDate "2024.01.23"]
[EventType "schev"]
[EventRounds "10"]
[EventCountry "UZB"]
[SourceTitle "CB05_2024"]
[SourceDate "2024.01.31"]
[SourceVersion "1"]
[SourceVersionDate "2024.01.31"]
[SourceQuality "1"]
[WhiteTeam "Uzbekistan"]
[BlackTeam "World"]
[WhiteTeamCountry "UZB"]

1. e4 c6 2. d4 d5 3. exd5 cxd5 4. Bd3 Nf6 5. h3 Nc6 6. c3 Qc7 7. Nf3 g6 8. 0-0 Bf5 9. Be2 Bg7 10. Re1 0-0 11. Bf1 Rab8 12. a4 Ne4 13. Nbd2 Rbd8 14. Nb3 Na5 15. Nxa5 Qxa5 16. Bf4 Qb6 17. Qc1 a5 18. Bh6 Rfe8 19. Bxg7 Kxg7 20. Bb5 Bd7 21. Bd3 Nd6 22. g4 f6 23. Re2 Nf7 24. Qf4 Qd6 25. Qxd6 Nxd6 26. Bc2 g5 27. Rae1 e6 28. Nd2 h6 29. Nf1 Kf7 30. Ng3 b5 31. axb5 Bxb5 1/2-1/2